01174nam a2200265Ia 4500003000900000008004100009020001800050040001600068080002300084111009000107245025900197260005000456300001400506490003900520650001800559650002300577650002400600650002000624700002900644700003000673710004000703942000700743999001700750952014100767IN-BaIIA211028s9999 xx 000 0 eng d a0-7354-0112-8 cIIA Library a524.834 (063)bPAR aTropical Workshop on Practicle Physics and Cosmologyn3rdcUSd2002 Aug. 19-23927700 0aParticle physics and cosmologybThird tropical workshop on practicle physics and cosmology - neutrinos, branes and cosmology held in San Juan, Puerto Rico, US, 19-23 Aug 2002cedited by J. F. Nieves and C. N. Leung  aMelvillebAmerican Institute of Physicsc2003 aix, 263p. aAIP conference proceedings; v. 655 aBranes927701 aDark energy927702 aLeptogenesis927703 aNeutrinos91923 aLeung, C. N., ed.927704 aNieves, J. F., ed.927705 aAmerican Institute of Physics92416 cBK c15141d15141 00104070aBANbBANcGENd2003-06-28eEDS g9288.24l0o524.834 (063)/ PARp16063r2021-11-05v9288.24w2003-06-28yBKGRs. 9288.24